日産自動車の輸出

Сохранить в:
Библиографические подробности
Соавтор: 日産自動車株式会社
Формат:
Язык:Undetermined
Опубликовано: 東京 日産自動車株式会社 1974
Предметы:
Метки: Добавить метку
Нет меток, Требуется 1-ая метка записи!
Thư viện lưu trữ: Trung tâm Học liệu Trường Đại học Cần Thơ
LEADER 00552nam a2200205Ia 4500
001 CTU_94118
008 210402s9999 xx 000 0 und d
082 |a 338.8 
082 |b N726 
110 |a 日産自動車株式会社 
245 0 |a 日産自動車の輸出 
245 0 |c 日産自動車株式会社 
260 |a 東京 
260 |b 日産自動車株式会社 
260 |c 1974 
650 |a Corporations,Corporations 
650 |x Nissan 
650 |z Japan 
904 |i Ngoc 
980 |a Trung tâm Học liệu Trường Đại học Cần Thơ